| 000 | 00859nam a2200241 a 4500 | ||
|---|---|---|---|
| 008 | |||
| 020 | _a9781779370341 (pbk.) | ||
| 049 | _aMAIN | ||
| 090 |
_aHC79.E5 _bAFR |
||
| 100 | 1 | _aThe African Capacity Building Foundation. | |
| 245 | 1 | 0 |
_aAfrica Capacity Indicators 2012 : _bcapacity development for agricultural transformation and food security/ _c The African Capacity Building Foundation. |
| 260 |
_aHarare, Zimbabwe : _bThe African Capacity Building Foundation, _c2012. |
||
| 300 |
_axxii, 388 p. : _bill. ; _c28 cm. |
||
| 650 | 1 | _aSustainable development. | |
| 650 | 0 | _a Environmentalism. | |
| 650 | 0 | _a Environmental protection. | |
| 650 | 0 | _a Economic development. | |
| 907 |
_a.b10360086 _b09-10-18 _c31-08-15 |
||
| 003 | |||
| 005 | 20230120133844.0 | ||
| 040 | _cNUST | ||
| 942 |
_cBOOKS _kHC79.E5 _mAFR |
||
| 999 |
_c96646 _d96646 |
||